Itawamba County mineral resources: Geology, (Record no. 28195)

MARC details
000 -LEADER
fixed length control field 01166cam a22003131 4500
001 - CONTROL NUMBER
control field gs 47000282
003 - CONTROL NUMBER IDENTIFIER
control field DLC
005 - DATE AND TIME OF LATEST TRANSACTION
control field 20260227111353.0
008 - FIXED-LENGTH DATA ELEMENTS--GENERAL INFORMATION
fixed length control field 780228s1947 msuab b 000 0 eng c
010 ## - LIBRARY OF CONGRESS CONTROL NUMBER
LC control number gs 47000282
035 ## - SYSTEM CONTROL NUMBER
System control number (OCoLC)3677762
040 ## - CATALOGING SOURCE
Original cataloging agency U.S. Geol. Survey. Libr.
Transcribing agency OT
Modifying agency OCoLC
-- DLC
042 ## - AUTHENTICATION CODE
Authentication code premarc
050 00 - LIBRARY OF CONGRESS CALL NUMBER
Classification number QE129
Item number .A2 no. 64
082 ## - DEWEY DECIMAL CLASSIFICATION NUMBER
Classification number 553
110 2# - MAIN ENTRY--CORPORATE NAME
Corporate name or jurisdiction name as entry element Mississippi Geological, Economic, and Topographical Survey.
245 00 - TITLE STATEMENT
Title Itawamba County mineral resources: Geology,
Statement of responsibility, etc. by Franklin Earl Vestal; Tests, by Harry J. Knollman.
260 ## - PUBLICATION, DISTRIBUTION, ETC.
Name of publisher, distributor, etc. University,
Date of publication, distribution, etc. 1947.
300 ## - PHYSICAL DESCRIPTION
Extent 151 p.
Other physical details illus., fold. map (in pocket)
Dimensions 23 cm.
490 1# - SERIES STATEMENT
Series statement Its Bulletin
Volume/sequential designation 64
500 ## - GENERAL NOTE
General note At head of title: Mississippi State Geological Survey.
504 ## - BIBLIOGRAPHY, ETC. NOTE
Bibliography, etc. note "References": p. 117.
650 #0 - SUBJECT ADDED ENTRY--TOPICAL TERM
Topical term or geographic name entry element Geology
Geographic subdivision Mississippi
-- Itawamba County.
650 #0 - SUBJECT ADDED ENTRY--TOPICAL TERM
Topical term or geographic name entry element Mines and mineral resources
Geographic subdivision Mississippi
-- Itawamba County.
650 #0 - SUBJECT ADDED ENTRY--TOPICAL TERM
Topical term or geographic name entry element Clay
General subdivision Testing.
700 1# - ADDED ENTRY--PERSONAL NAME
Personal name Vestal, Franklin E.
Fuller form of name (Franklin Earl),
Dates associated with a name 1884-1969.
700 1# - ADDED ENTRY--PERSONAL NAME
Personal name Knollman, Harry John,
Dates associated with a name 1889-
810 2# - SERIES ADDED ENTRY--CORPORATE NAME
Corporate name or jurisdiction name as entry element Mississippi Geological, Economic, and Topographical Survey.
Title of a work Bulletin
Volume/sequential designation 64.

No items available.

Powered by Koha